| 000 | 00364nam a2200157Ia 4500 | ||
|---|---|---|---|
| 008 | 230524s9999 xx 000 0 und d | ||
| 082 |
_a537 _bSHE |
||
| 100 | _aR.K.Shevgaonkar | ||
| 245 | 0 | _aElectromagnetic Waves | |
| 250 | _a1ST | ||
| 260 |
_aNEW DELHI _bMGH _c2006 |
||
| 300 | _aX;574 | ||
| 500 | _aQuantity Number: 2 | ||
| 650 | _aElectrical | ||
| 942 | _cBK | ||
| 999 |
_c37303 _d37303 |
||